000 01056nam a2200241Ia 4500
003 Ost
005 20260507075058.0
008 260507s9999||||xx |||||||||||||| ||und||
020 _a5327119957
040 _cfsecg
041 _aara
082 _a330
100 _aالعمر، رضوان المحمود
_eمؤلف
245 0 _aمبادئ التسويق /
_c رضوان المحمود العمر
250 _aطبعة 2
260 _aعمان:
_bدار وائل,
_c2005
300 _a447 صفحة؛
_bإيضاحات ؛
_c25 سم
504 _aبيبليوغرافيا ص.442 الطبعة الأولى 2003
520 _aما هية التسويق،بيئة التسويق،السوق،نظم معلومات التسويق وبحوث التسويق،سلوك المستهلك،استراتيجية المنتج،استراتيجية التسعير،استراتيجية التوزيع،استراتيجية الترويج،التسويق الدولي
653 _aأدارة المبيعات
653 _aالتسويق
942 _cكتاب
999 _c42758
_d42758